000
00283nam a22001097a 4500
082
_a
122
_b
AWA
_c
l-26, p-18
100
_a
Awan, N.M.
_9
2146
245
_a
Surface water hydrology Vol.2
_c
Awan, N.M.
526
_a
0
_b
0
_c
0
_d
122_000000000000000_AWA
650
_a
MCE
_9
379
942
_2
ddc
_c
BK
999
_c
549955
_d
549955